01704nam a2200229 4500001000800000005001700008007000300025008004100028040000800069041000800077100008500085245010500170300002000275520087000295650003401165650003501199650002801234650003801262773012601300942003101426999001701457ESSALUD20260701102246.0ta t pe ||||| |||| 00| 0 spa d aBMG aspa aCorte Suprema de Justicia de la República. Sala Civil PermanenteeAutor953005 aNo procede la ineficacia por acción pauliana si el crédito no está determinado ni cuantificado apáginas 59-75 aLa ineficacia por acción pauliana tiene por finalidad asegurar un crédito determinado y también cuantificado, pues, para determinar la fundabilidad de la pretensión, sería necesario establecer el monto que se buscaría asegurar con la finalidad de determinar si efectivamente el deudor habría disminuido su patrimonio de tal manera que imposibilite o dificulte el cobro del crédito. En el presente caso, la demandante ha comprado bienes futuros, cuestionando que la empresa demandada no haya cumplido con las obligaciones pactadas en la minuta de compraventa, las cuales están referidas a obligaciones de dar y hacer; sin embargo, estas obligaciones no están cuantificadas en términos económicos, respecto a la cual se pretenda garantizar la obligación con la acción pauliana. En ese sentido, la infracción alegada deviene en infundada. aCONTRATOS HIPOTECARIOS952992 aCRÉDITOS HIPOTECARIOS953031 aACCIÓN PAULINA953032 aPROTECCIÓN DEL CRÉDITO9529930 022573922620dLima Grupo Praxis Formación Profesional, 2026-oPRA001tPraxis Civil & Procesal CivilwESSALUDx3119-7671 cARTICULOSe2026-06-30zsqb c22585d22585